000 00425nam a2200157Ia 4500
005 20250825154413.0
008 081213s9999 xx 000 0 und d
020 _c0802837670
050 _aBL80.2
_b.R54 1994
100 _aRies, J. (Julien)
245 _aThe origins of religions/
260 _c1994
_aGand rapids
_bW.B. Eerdmans Pub. Co
300 _a158 p.
_c24 cm.
650 _2Religions
_aHistory.
942 _cBK
_2lcc
999 _c28788
_d28788